Normal view
MARC view
- Electric machinery
Entry Topical Term
001 - CONTROL NUMBER
- control field: 41345
003 - CONTROL NUMBER IDENTIFIER
- control field: NUST
005 - DATE AND TIME OF LATEST TRANSACTION
- control field: 20210314132030.0
008 - FIXED-LENGTH DATA ELEMENTS
- fixed length control field: 210314|| aca||aabn | a|a d
040 ## - CATALOGING SOURCE
- Original cataloging agency: NUST
- Transcribing agency: NUST
150 ## - HEADING--TOPICAL TERM
- Topical term or geographic name entry element: Electric machinery
- General subdivision: Direct current
670 ## - SOURCE DATA FOUND
- Source citation: Work cat.: (NUST): Annett, Fred Anzley. 41344, Connecting and testing direct-current machines,, 1937.
